|
|
|
|
| LEADER |
00000nam0a2200000 4500 |
| 001 |
373985 |
| 005 |
20231102012620.0 |
| 010 |
|
|
|b 1000 экз.
|
| 035 |
|
|
|a (RuTPU)RU\TPU\retro\31418
|
| 035 |
|
|
|a RU\TPU\book\307661
|
| 090 |
|
|
|a 373985
|
| 100 |
|
|
|a 20221216d1968 m y0rusy50 ca
|
| 101 |
0 |
|
|a rus
|
| 102 |
|
|
|a RU
|
| 105 |
|
|
|a a j 001zy
|
| 200 |
1 |
|
|a Лекции по основам теории подобия и моделирования
|f П. М. Алабужев
|g Новосибирский электротехнический институт (НЭТИ)
|
| 210 |
|
|
|a Новосибирск
|c Типография НИИЖТа
|d 1968
|
| 215 |
|
|
|a 36 с.
|c ил.
|
| 316 |
|
|
|5 63413507: ШкА2/275
|a На титульном листе дарственная надпись: "Библиотеке ТПИ от автора"
|
| 320 |
|
|
|a Библиогр.: с. 34.
|
| 606 |
1 |
|
|a Подобия теория
|2 stltpush
|3 (RuTPU)RU\TPU\subj\49683
|9 68448
|
| 606 |
1 |
|
|a Моделирование
|x (физика)
|2 stltpush
|3 (RuTPU)RU\TPU\subj\44203
|9 63572
|
| 610 |
1 |
|
|a подобие
|
| 610 |
1 |
|
|a математическое моделирование
|
| 610 |
1 |
|
|a физика
|
| 610 |
1 |
|
|a труды учёных ТПУ
|
| 610 |
1 |
|
|a дарственная надпись
|
| 610 |
1 |
|
|a дары автора
|
| 610 |
1 |
|
|a дары библиотеке
|
| 610 |
1 |
|
|a теория
|
| 610 |
1 |
|
|a теория размерностей
|
| 610 |
1 |
|
|a познание
|
| 610 |
1 |
|
|a коллекция ТПУ
|
| 675 |
|
|
|a 530.17
|v 3
|
| 675 |
|
|
|a 53.07
|v 3
|
| 700 |
|
1 |
|a Алабужев
|b П. М.
|c российский ученый, физик
|c заслуженный деятель науки и техники России, доктор технических наук
|c профессор кафедры теоретической механики ТПИ
|f 1908-1995
|g Петр Михайлович
|2 stltpush
|3 (RuTPU)RU\TPU\pers\19759
|
| 712 |
0 |
2 |
|a Новосибирский электротехнический институт (НЭТИ)
|c (1950-1992)
|2 stltpush
|3 (RuTPU)RU\TPU\col\203
|
| 801 |
|
1 |
|a RU
|b 63413507
|c 20150207
|
| 801 |
|
2 |
|a RU
|b 63413507
|c 20221216
|g RCR
|
| 942 |
|
|
|c BK
|